00541nam a22001577a 450000500170000001000150001702000260003203500130005803700130007110000180008424500920010226000320019427000750022630000320030150000500033320130624144327.0 aENG-107719 a9789382601173c275.00 aEN-91252 bDBAD/PUB aCole, Camille aConnecting students to stem careers :cby Camille Colebsocial networking strategies / aUttar PradeshbeVookzc2011 a10, Parshawanath Edens, Sector, Alpha-II, Greater NoidabUttar Pradesh avi,136p. :c28cm(pbk)bill. aIncludes bibliographical references and index